| 000 | 00656nam a2200229Ia 4500 | ||
|---|---|---|---|
| 001 | 293 | ||
| 003 | GE_BSU | ||
| 008 | 181216s||||||||xx |||||||||||||| ||und|| | ||
| 020 | _a99928730212 | ||
| 040 | _cGE_BSU | ||
| 080 | _a811.133.1.09 | ||
| 100 | _aახვლედიანი,ციური | ||
| 245 | _aფრანგული ენის ისტორია | ||
| 245 | _bსალექციო კურსი | ||
| 260 | _aთბილისი | ||
| 260 | _bმედეა | ||
| 260 | _c2008 | ||
| 300 | _a269 გვ. | ||
| 541 | _h8 ლ. | ||
| 653 | _aფრანგული ენის ისტორია | ||
| 942 | _cBK | ||
| 999 |
_c34538 _d34538 |
||